Szczegóły MARC21

"Strategiczne aspekty zarządzania Pocztą Polską" : VII Sympozjum Poczty Polskiej, Szczecin, 22-24.IX.2000 : streszczenia referatów /

003 -Nazwa inst., której nr kontr. jest w polu 001 [,]
    • @
    • Nazwa instytucji, której n kontrolny jest w polu 001
    • NUKAT
005 -DATA I CZAS OSTATNIEJ MODYFIKACJI [,]
    • @
    • pole kontrolne
    • 20241231095218.0
020 -Międzynarod. znormalizowany nr książki - ISBN [ , ]
    • a
    • Numer ISBN
    • 8390561360 Find
040 -Instytucja sporządzająca opis [ , ]
    • a
    • Instytucja, która sporządziła opis (NP)
    • Ł U/AP
    • c
    • Instytucja, która sporządziła rekord (NP)
    • Ł U/AP
    • d
    • Instytucja, która zmodyfikowała rekord (P)
    • Ł U/APs
942 -Rodzaj dokumentu [ , ]
    • c
    • Rodzaj dokumentu
    • Książka
111 -Hasło główne - nazwa imprezy [2, ]
    • a
    • Nazwa imprezy (NP)
    • Sympozjum Poczty Polskiej Find
    • n
    • Numer imprezy (P)
    • (7 ;
    • d
    • Data imprezy (NP)
    • 2000 ;
    • c
    • Miejsce imprezy (NP)
    • Szczecin).
    • 9
    • KHW
    • 699751
245 -Strefa tytułu i oznaczenia odpowiedzialności [1,0]
    • a
    • Tytuł
    • "Strategiczne aspekty zarządzania Pocztą Polską" : Find
    • b
    • Ciąg dalszy tytułu (NP)
    • VII Sympozjum Poczty Polskiej, Szczecin, 22-24.IX.2000 : streszczenia referatów / Find
    • c
    • Pozostałe elementy strefy tytułu i oznaczenia odpowiedzialności (NP)
    • [oprac. red. Grzegorz Gołębiewski, Piotr Ładny] ; Centralny Zarząd Poczty Polskiej, Uniwersytet Szczeciński. Wydział Zarządzania i Ekonomiki Usług, Dyrekcja Okręgu Poczty w Szczecinie.
260 -Strefa adresu wydawniczego [ , ]
    • a
    • Miejsce wydania (P)
    • Szczecin :
    • b
    • Nazwa wydawcy (P)
    • Centralny Zarząd Poczty Polskiej,
    • c
    • Data wydania (P)
    • 2000.
300 -Strefa opisu fizycznego [ , ]
    • a
    • Określenie formy książki i/lub objętość (NP)
    • 45 s. ;
    • c
    • Format (NP)
    • 24 cm.
336 -Typ zawartości [ , ]
    • a
    • Termin opisujący typ zawartości
    • Tekst
    • b
    • Kod określający zawartość
    • txt
    • 2
    • Źródło (terminu i kodu)
    • rdacontent
337 -Typ mediów [ , ]
    • a
    • Tryb odtwarzania
    • Bez urządzenia pośredniczącego
    • b
    • Kod typu mediów
    • n
    • 2
    • Źródło (terminu i kodu)
    • rdamedia
338 -Typ/rodzaj nośnika [ , ]
    • a
    • Hasło opisujące typ nośnika
    • Wolumin
    • b
    • Kod typu nośnika
    • nc
    • 2
    • Źródło (terminu i kodu)
    • rdacarrier
080 -Uniwersalna Klasyfikacja Dziesiętna [ , ]
    • a
    • Symbol klasyfikacji
    • 656.8(438:100)(061)
080 -Uniwersalna Klasyfikacja Dziesiętna [ , ]
    • a
    • Symbol klasyfikacji
    • :338.47::656.8(438:100)(061)
080 -Uniwersalna Klasyfikacja Dziesiętna [ , ]
    • a
    • Symbol klasyfikacji
    • :351.816(438:100)(061)
610 -Hasło przedmiotowe w formie nazwy ciała zbiorowego [2,7]
    • a
    • Nazwa ciała zbiorowego lub nazwa geograficzna
    • Poczta Polska
    • v
    • Określnik formalny
    • konferencje.
    • 2
    • Źródło terminu
    • kaba
    • 9
    • KHW
    • 578303
650 -Hasło przedmiotowe [ ,7]
    • a
    • Hasło przedmiotowe
    • Poczta
    • x
    • Określnik rzeczowy
    • zarządzanie
    • v
    • Określnik formalny
    • konferencje.
    • 2
    • Źródło terminu
    • kaba
    • 9
    • KHW
    • 614967
980 -Symbol UKD [ , ]
    • a
    • UKD
    • 656.8(438:100)(061):338.47::656.8(438:100)(061):351.816(438:100)(061)
700 -Hasło dodatkowe - nazwa osobowa [1, ]
    • a
    • Nazwa osobowa (NP)
    • Gołębiewski, Grzegorz. Find
    • e
    • Określenie rodzaju współpracy
    • Red.
    • 9
    • KHW
    • 614875
700 -Hasło dodatkowe - nazwa osobowa [1, ]
    • a
    • Nazwa osobowa (NP)
    • Ładny, Piotr. Find
    • e
    • Określenie rodzaju współpracy
    • Red.
    • 9
    • KHW
    • 520770
920 -ISBN [ , ]
    • a
    • ISBN
    • 83-905613-6-0 Find
Data inwentaryzacji Lokalizacja Sygnatura Numer inwentarzowy Status udost.
2001-05-14BE E.67745-2
2001-05-14BE S.87949-3
2003-12-10BGZ.101225Z.1012271
2001-05-14TT.5422T.5422-2
2001-05-14T T.5423-6
2001-05-14T T.5424-6
2001-05-14T T.5425-6
2001-05-14T T.5426-6
2001-05-14T T.5427-6
2001-05-14T T.5428-6
2001-05-14T T.5429-6
2001-05-14T T.5430-6
2001-05-14T T.5431-6
2001-05-14T T.5432-6
2001-05-14T T.5433-6
2001-05-14T T.5434-6
2001-05-14T T.5435-6
2001-05-14T T.5436-6
2001-05-14T T.5437-6
2001-05-14T T.5438-6
2001-05-14T T.5439-6
2001-05-14T T.5440-6
2001-05-14T T.5441-6
2001-05-14T T.5442-6
2001-05-14T T.5443-6
2001-05-14T T.5444-6
2001-05-14T T.5445-6
2001-05-14T T.5446-6
2001-05-14T T.5447-6
2001-05-14T T.5448-6
2001-05-14T T.5449-6
2001-05-14T T.5450-6
2001-05-14T T.5451-6
2001-05-14T T.5452-6
2001-05-14T T.5453-6
2001-05-14T T.5454-6
2001-05-14T T.5455-6
2001-05-14T T.5456-6